Trouver la bonne réponse edition pays (1) - Statistiques

Statistiques générales
  • Ce quiz a été pris 180 fois
  • Le résultat moyen est 9 sur 10
Statistiques - réponses
Question Réponse % Correct
Quel Pays est européen ? France
100%
Quel Pays est Asiatique ? Inde
100%
Quel pays est africain ? Niger
100%
Quel pays est d'Océanie ? Nouvelle Zélande
100%
Quel est le plus grand Pays de la planète terre ? Russie
100%
Quel pays est d'Amerique du Sud ? Colombie
96%
Quel pays est d'Amerique du Nord ? Canada
88%
Lesquelles de ces pays ont quasiment le même drapeau ? Pologne-Monaco
81%
Quel pays a déjà remporté la coupe du monde (football) ? Uruguay
77%
Quel pays a joué l'euro 2024 de football ? Turquie
65%
Aucun quiz correspondant
Distribution des résultats
% des personnes avec chaque résultat
Percentile par nombre de réponses
Votre historique - résultats
Vous n’avez pas pris ce quiz